000 01098nac a22002891i 4500
003 EG-ScBUE
005 20241210100812.0
008 241210t1982 ilua f b 001 0 eng d
020 _a0673160025
040 _aEG-ScBUE
_beng
_erda
_cEG-ScBUE
_dEG-ScBUE
082 0 4 _a519.50246
_bBOO
_222
100 1 _aBook, Stephen A.,
_eauthor.
245 1 0 _aStatistical analysis :
_bresolving decision problems in business and management /
_cby Stephen A. Book, California State University, Dominguez, Hills, Marc J. Epstein, California State University, Los Angeles.
264 1 _aGlenview, Ill. :
_bScott, Foresman,
_c[1982]
264 4 _cc1982
300 _axii, 736 pages :
_billustrations ;
_c25 cm
336 _2rdacontent
_atext
_btxt
337 _aunmediated
_2rdamedia
_bn
338 _avolume
_bnc
_2rdacarrier
504 _aIncludes bibliographical references and index.
650 7 _aCommercial statistics.
_2BUEsh
650 7 _aStatistics.
_2BUEsh
655 _vReading book
700 1 _aEpstein, Marc J.,
_eauthor.
942 _cBB
_2ddc
999 _c3008
_d3008